Sports Quiz

Random Sports or NFL Quiz

WHERE ARE THEY Quiz Stats

Quiz not verified by Sporcle

Challenge
Share
Tweet
Embed
Score 0/25 Timer 05:00
0 Plays Today
ORIGINAL TEAM LOCATION CURRENT TEAM NAME % Correct
Montreal ExposWashington Nationals
91.3%
Milwaukee BravesAtlanta Braves
87%
Baltimore BulletsWashington Wizards
82.6%
Buffalo BravesLos Angeles Clippers
82.6%
Seattle SupersonicsOklahoma City Thunder
82.6%
Cleveland BrownsBaltimore Ravens
82.6%
Minnesota North StarsDallas Stars
78.3%
Houston OilersTennessee Titans
78.3%
Cincinnatti RoyalsSacramento Kings
73.9%
Atlanta FlamesCalgary Flames
73.9%
Atlanta ThrashersWinnepeg Jets
73.9%
Washington SenatorsTexas Rangers
73.9%
Seattle PilotsMilwaukee Brewers
69.6%
ORIGINAL TEAM LOCATION CURRENT TEAM NAME % Correct
Quebec NordiquesColorado Avalanche
65.2%
Decatur StaleysChicago Bears
65.2%
Dallas TexansKansas City Chiefs
65.2%
Hartford WhalersCarolina Hurricanes
60.9%
Washington SenatorsMinnesota Twins
60.9%
Winnepeg JetsPhoenix Coyotes
56.5%
Colorado RockiesNew Jersey Devils
52.2%
Syracuse NationalsPhiladelphia 76ers
47.8%
Dallas ChaparralsSan Antonio Spurs
34.8%
Portsmouth SpartansDetroit Lions
26.1%
9.1%
0%

You're not logged in!

Compare scores with friends on all Sporcle quizzes.
Sign Up with Email
OR
Log In

You Might Also Like...

Show Comments

Extras

Top Quizzes Today


Score Distribution

Your Account Isn't Verified!

In order to create a playlist on Sporcle, you need to verify the email address you used during registration. Go to your Sporcle Settings to finish the process.

Report this User

Report this user for behavior that violates our Community Guidelines.

Details: